Lei de falências e legislação correlata (Record no. 1556)

MARC details
000 -LÍDER
Campo Fixo de Controle 00836nam a2200217 a 4500
001 - NÚMERO DE CONTROLE
Campo de Controle 1556
003 - IDENTIFICAÇÃO DO NÚMERO DE CONTROLE
Campo de Controle BR-CuiBMT
005 - DATA E HORA DA ÚLTIMA ATUALIZAÇÃO
Campo de Controle 20231219161333.0
008 - DADOS FIXOS
Dados Fixos 231215s2010 dfb 000 0 por d
040 ## - AGÊNCIA CATALOGADORA
Código da Agência Catalogadora BR-CuiBMT
Agência que transcreveu o registro BR-CuiBMT
080 ## - Nº DA CLASSIFICAÇÃO DECIMAL UNIVERSAL
Nº Class. CDU 347.736
Subd. Auxiliar Comum (81)
-- (094.5)
Nº edição CDU 2007
090 ## - NÚMERO DE CHAMADA
Complemento Braile
Nº classificação 347.736(81)(094.5)
Cutter B823l
110 1# - ENTRADA PRINCIPAL -- ENTIDADE
Nome da entidade ou lugar Brasil.
Unidade subordinada Senado Federal.
-- Secretaria Especial de Editoração e Publicações.
245 10 - TÍTULO PRINCIPAL
Título principal Lei de falências e legislação correlata
Meio (DGM) [braile] /
Indicação de responsabilidade Senado Federal.
260 ## - PUBLICAÇÃO, DISTRIBUIÇÃO, ETC.
Local de publicação Brasília :
Editora Senado Federal, SEEP,
Data 2010.
300 ## - DESCRIÇÃO FÍSICA
N. páginas ou volumes 2 v. ;
Dimensões 28 cm
500 ## - NOTAS GERAIS
Notas gerais Transcrita em dois volumes para o Sistema Braile pela Secretaria Especial de Editoração e Publicação do Senado Federal.
650 ## - ASSUNTO TÓPICO
Cabeçalho tópico ou nome geográfico Falência
Subdivisão geográfica Brasil
650 ## - ASSUNTO TÓPICO
Cabeçalho tópico ou nome geográfico Sociedades comerciais
Subdivisão geral Recuperação
Subdivisão geográfica Brasil
942 ## - ELEMENTOS DE ENTRADA ADICIONAIS (KOHA)
Fonte de classificação ou esquema de arquivamento Classificação Decimal Universal
Tipo de item do Koha Livros
Holdings
Estado: removido Estado: perdido Fonte de classificação ou esquema de arquivamento Estado: danificado Indisponível para empréstimo Localização permanente Localização atual Data de aquisição Numeração serial ou cronológica (Volume) Total Checkouts Número de Chamada completo Código de barras Date last seen Número do exemplar Preço efetivo a partir de Tipo de item (Koha)
    Classificação Decimal Universal     Biblioteca da Escola Superior de Contas do TCE/MT Biblioteca da Escola Superior de Contas do TCE/MT 14/12/2023 v. 1   Braile 347.736(81)(094.5) B823l BIBTCEMT23120535 15/12/2023 Ex. 1 15/12/2023 Livros
    Classificação Decimal Universal     Biblioteca da Escola Superior de Contas do TCE/MT Biblioteca da Escola Superior de Contas do TCE/MT 14/12/2023 v. 2   Braile 347.736(81)(094.5) B823l BIBTCEMT23120536 15/12/2023 Ex. 1 15/12/2023 Livros

Powered by Koha